000 00232nam a2200085Ia 4500
245 0 _aSihlahla sebungani
100 _a HOUSE, Catherine [South Africa], 2006
_9102102
942 _cBK
008 210818s9999 xx 000 0 und d
999 _c443170
_d443169